01638nab a22003137a 4500999001500000003000400015005001700019008004100036040000700077100002900084245014600113260007300259300001500332500003800347505030000385505013800685505008200823650002300905650002800928650002200956650003300978650002401011650002501035650003201060650002301092650003601115773016001151942001301311 c5630d5630OSt20251223002131.0190429b xxu||||| |||| 00| 0 spa d cPJ 96326aValongo, Matías 10aDoble vía penal tributaria y fiscal administrativa. Criterios de la CS sobre la cosa juzgada penal en el fallo Courel /cMatías Valongo.  cCiudad Autónoma de Buenos Aires :aThomson Reuters La Ley, b2025. ap. 208-214 aCita: TR LALEY AR/DOC/2857/2025.  aSumario: I. Introducción.— II. Planteo del caso Courel.— III. Evolución normativa. Prejudicialidad tributaria, penal y la doble vía.— IV. Los criterios de la Corte en Courel: análisis de la disidencia y núcleo del conflicto.— V. Conclusiones y proyecciones a partir del fallo.  aFallo comentado: CS ~ 01/07/2025 ~ Courel, Manuel Alberto c. Dirección General Impositiva s/ recurso directo de organismo externo. tSi te interesa el texto completo, solicitalo a koha@justierradelfuego.gov.ar  09343aDERECHO PENAL 09339aDERECHO TRIBUTARIO 09965aCOSA JUZGADA 092044aRECURSO EXTRAORDINARIO 09180aDEBIDO PROCESO 092717aSOBRESEIMIENTO 09560aEXENCIONES IMPOSITIVAS 091811aEXPROPIACION 095507aDETERMINACIÓN DE OFICIO0 0265893164tRevista de derecho penal y criminología. Nº 11 - Diciembre 2025dCiudad Autónoma de Buenos Aires : Thomson Reuters La Ley, 2017-x00347914 2udccANA